000 00313nam a2200121Ia 4500
005 20260328101528.0
008 260328s9999||||xx |||||||||||||| ||und||
100 _aNervi, Pier Luigi
245 0 _aAesthetics and Technology in Building /
_cPier Luigi Nervi
300 _a199 p.
650 _aARQUITECTOS
942 _cBK
999 _c9865
_d9865